000
00181nam a2200073Ia 4500
008
170817s9999 xx 000 0 und d
100
_a
TRIPATHI
245
0
_a
ADHUNIK PRAYOGATTMAK MANOVIGYAN
260
_b
H.P. BHARGAV
999
_c
36130
_d
36130